Objectives in soil and water conservation engineering / (Record no. 15468)
[ view plain ]
| 000 -LEADER | |
|---|---|
| fixed length control field | 00321nam a22001217a 4500 |
| 082 ## - DEWEY DECIMAL CLASSIFICATION NUMBER | |
| Classification number | 631.45 |
| Item number | PAW/OB |
| 100 ## - MAIN ENTRY--AUTHOR NAME | |
| Personal name | Jeet,pawan |
| 245 ## - TITLE STATEMENT | |
| Title | Objectives in soil and water conservation engineering / |
| 260 ## - PUBLICATION, DISTRIBUTION, ETC. (IMPRINT) | |
| Place of publication | New delhi ; |
| Name of publisher | New vishal publications , |
| Year of publication | 2016. |
| 300 ## - PHYSICAL DESCRIPTION | |
| Number of Pages | 280p. |
| 700 ## - ADDED ENTRY--PERSONAL NAME | |
| Personal name | Prem |
| 942 ## - ADDED ENTRY ELEMENTS (KOHA) | |
| Koha item type | Books |
| Withdrawn status | Lost status | Damaged status | Home library | Current library | Date acquired | Cost, normal purchase price | Full call number | Accession Number | Koha item type |
|---|---|---|---|---|---|---|---|---|---|
| KAUAET | KAUAET | 29/06/2018 | 200.00 | 631.45 PAW/OB | 25574 | Books | |||
| KAUAET | KAUAET | 29/06/2018 | 200.00 | 631.45 PAW/OB | 25575 | Books | |||
| KAUAET | KAUAET | 29/06/2018 | 200.00 | 631.45 PAW/OB | 25576 | Books | |||
| KAUAET | KAUAET | 29/06/2018 | 200.00 | 631.45 PAW/OB | 25573 | Books |
